Science Quiz

Random Science or Animal Quiz

Blurry Mammals Quiz Stats

Quiz Updated Jul 21, 2015

Also try: Famous Fuzzy Faces
Challenge
Share
Tweet
Score 0/25 Timer 03:00
3 Plays Today
% Correct
Zebra
98.7%
Squirrel
98.4%
Skunk
96.6%
Polar Bear
96.3%
Rhinoceros
95.9%
Camel
94.4%
Donkey
92.6%
Otter
92.5%
Killer Whale
90.8%
Platypus
88.9%
Bison
88.6%
Orangutan
86.6%
Human
85.3%
% Correct
Koala
85.3%
Guinea Pig
84%
Porcupine
83.2%
Raccoon
79.1%
Goat
78.1%
Elk
77%
Sloth
76.5%
Coyote
73.6%
Armadillo
72.5%
Cougar
70.3%
Warthog
66.7%
Groundhog
50.1%

You're not logged in!

Compare scores with friends on all Sporcle quizzes.
Join for Free
OR
Log In

You Might Also Like...

Show Comments

Extras

Top Quizzes Today


Score Distribution

Your Account Isn't Verified!

In order to create a playlist on Sporcle, you need to verify the email address you used during registration. Go to your Sporcle Settings to finish the process.

Report this User

Report this user for behavior that violates our Community Guidelines.

Details: